1084 1697 1332 1407 1136 1053 1734 1711 1926 1798 1222 1255 1814 1621 1676 1409 1008 1975 1305 1223 1783 1881 1940 1237 1831 1934 1130 1646 1424 1083 1597 1861 1598 1946 1217 1346 1446 1515 1818 1250 1788 1702 1373 1863 1614 1898 1439 1817 1593 1942 1932 1810 1513 1763 1077 1980 1197 1784 1027 1367 1593 1854 1022 1069 1433 1426 1297 1743 1561 1142 1518 1503 1802 1285 1935 1471 1918 1560 1995 1557 1640 1793 1219 1749 1040 1417 1011 1274 1207 1642 1212 1670 1438 1070 1859 1862 1611 1436 1189 BCNSPRNW ULIB Ver.6.0+V

เปลี่ยนเป็นภาษาไทย

Change to English
 แสดงรายละเอียดบรรณานุกรม
  กลับหน้าหลัก

Brief Record : Get Marc (ISO 2709) : E-mail record : QR code < ปิดหน้าต่าง
LEADER : 00000nam 2200000uu 4500
001    13399123850
003     ULIB
008    141208s||||||||th 000 0 tha d
020    ^a9789749391921
099    ^aนว^bส988บ
100 0  ^aโสภี พรรณราย
245 00 ^a เหลี่ยมเพชรกะรัต^cโสภี พรรณราย
260    ^aกรุงเทพ :^bbeauty,^c2549
945    ^p270^l0^i019195
999    ^aกมลทิพย์ ธนสารสุธี
รายการนี้ยังไม่มีแท็ก
คุณยังไม่ได้ล็อกอิน คุณสามารถมีกิจกรรมร่วมกับเว็บไซต์ได้ แต่ต้องล็อกอินก่อน ::
  ล็อกอิน

รายการสื่อสารสนเทศ

ลำดับที่ ประเภท เลขเรียก/บาร์โค้ด สถานที่ สถานะ
1. นวนิยาย
นวนิยาย
นว ส988บ ฉ.1 
  Barcode: 019195
ห้องสมุดวิทยาเขตนครสวรรค์
►นวนิยาย:l:Fiction
บนชั้น

รายการใกล้เคียง
    ผู้แต่ง [โสภี พรรณราย]

BibComment


ยังไม่เคยถูกคอมเมนท์

คอมเมนท์ทรัพยากรรายการนี้
  คอมเมนท์: เหลี่ยมเพชรกะรั..


 Copyright 2026. Bcnsprnw @Library